What country are you in if - Statistics

General Stats
  • This quiz has been taken 43 times
  • The average score is 11 of 15
Answer Stats
Hint Answer % Correct
You are taking pictures of the Taj Mahal? India
100%
You are viewing Big Ben? United Kingdom
100%
You are eating a Frankfurt sausage in Frankfurt? Germany
98%
You are at the Chichen Itza? Mexico
93%
You are outside Chernobyl? Ukraine
88%
You are cage diving in the Cape of Good Hope? South Africa
83%
You are buying an apartment in Kuala Lumper? Malaysia
80%
You have just reached the top of Kilimanjaro? Tanzania
80%
You are staying in the Burj Al Arab? United Arab Emirates
80%
You are visiting the poorest country in North America? Haiti
75%
You are watching Argentina vs France in the 2022 FIFA World Cup Final? Qatar
75%
You are standing in the city of Sana'a? Yemen
58%
You are exploring the ancient city of Dubrovnik? Croatia
55%
You are drinking tea in the country that has the highest rate of tea drinkers in the world? Turkey
33%
You are sleeping in Punta Cana? Dominican Republic
28%
No matching quizzes found
Score Distribution
Percent of People with Each Score
Percentile by Number Answered
Your Score History
You have not taken this quiz